Statistics for Switzerland... or Swaziland?

Click here to take the quiz!

General Stats

  • This quiz has been taken 801 times
  • The average score is 12 of 16

Answer Stats

QuestionAnswer% Correct
Is one of the 10 richest countries per capita in the worldSwitzerland
98%
Is the birthplace of Roger FedererSwitzerland
93%
Became an independent country in the 1960sSwaziland
92%
Has one of the ten oldest flagsSwitzerland
89%
Is the smaller of the twoSwaziland
87%
Is an absolute monarchy (where the monarch leads the executive)Swaziland
87%
Is a landlocked countryBoth
86%
Is not part of the European UnionBoth
79%
Is named after one of its leadersSwaziland
79%
Its independence day is situated in SeptemberSwaziland
68%
Has an average elevation over 4000 feetSwitzerland
68%
Has multiple official languagesBoth
66%
Its capital city receives its name from a river that flows close by to itSwaziland
61%
Only around 1.46% of its people live in its capital citySwitzerland
52%
A river flows through its capital citySwitzerland
50%
Accepts multiple currenciesSwaziland
27%

Score Distribution

Percentile by Number Answered

Percent of People with Each Score

Your Score History

You have not taken this quiz